| 000 | 00719cam a2200181 i 4500 | ||
|---|---|---|---|
| 005 | 20251124103336.0 | ||
| 008 | 250721s2007 jo gr 000 0 ara d | ||
| 082 | 1 | 4 |
_a211.6 _bق ر ة |
| 100 | 1 |
_aبوقرة، نعمان _eمؤلف. |
|
| 245 | 1 | 0 |
_aتفسير النصوص و حدود التأويل عند ابن حزم الأندلسي : _bقراءة في أعراف الفهم الظاهري للخطاب القرآني / _cد. نعمان بوقرة. |
| 264 | 3 | 1 |
_aعمان : _bأمانة عمان الكبرى، _c2007. |
| 300 | _a191 صفحة. | ||
| 650 | 1 | 7 | _aالقرآن. |
| 650 | 1 | 7 | _aالفاظ القرآن. |
| 650 | 1 | 7 | _aاعجاز القرآن. |
| 942 |
_2ddc _cBK |
||
| 999 |
_c112192 _d112192 |
||